On the edge

Сохранить в:
Библиографические подробности
Главный автор: Cross, Gillian
Формат:
Язык:Undetermined
Опубликовано: Oxford Oxford University Press 2000
Предметы:
Метки: Добавить метку
Нет меток, Требуется 1-ая метка записи!
Thư viện lưu trữ: Trung tâm Học liệu Trường Đại học Cần Thơ
LEADER 00543nam a2200205Ia 4500
001 CTU_88428
008 210402s9999 xx 000 0 und d
020 |c 30000 
082 |a 823.9 
082 |b C951 
100 |a Cross, Gillian 
245 0 |a On the edge 
245 0 |c Gillian Cross 
260 |a Oxford 
260 |b Oxford University Press 
260 |c 2000 
650 |a English fiction,English literature 
650 |y 20th century 
904 |i Giang, Hải, Trong Hieu 
980 |a Trung tâm Học liệu Trường Đại học Cần Thơ